000 00488cam a2200145 4500500
005 20251214042928.0
041 _afre
042 _adc
100 1 0 _aRoyer, Guillaume
_eauthor
245 0 0 _aLes préliminaires en droit criminel
260 _c2005.
500 _a50
786 0 _nArchives de politique criminelle | 27 | 1 | 2005-10-01 | p. 59-78 | 0242-5637
856 4 1 _uhttps://droit.cairn.info/revue-archives-de-politique-criminelle-2005-1-page-59?lang=fr&redirect-ssocas=7080
999 _c1577125
_d1577125